Statistics for Countries beginning with L

Click here to take the quiz!

General Stats

  • This quiz has been taken 25 times
  • The average score is 8 of 9

Answer Stats

HintAnswer% Correct
AsiaLaos
100%
EuropeLatvia
100%
AfricaLesotho
100%
EuropeLithuania
100%
AfricaLibya
96%
AfricaLiberia
92%
AsiaLebanon
88%
EuropeLuxembourg
88%
EuropeLichenstein
13%

Score Distribution

Percentile by Number Answered

Percent of People with Each Score

Your Score History

You have not taken this quiz